Online katalóg knižníc regiónu Turca

Krásna Ileana (Record no. 22724)

MARC details
000 -LEADER
fixed length control field 01114nam a2200337 a 4500
001 - CONTROL NUMBER
control field 22724
003 - CONTROL NUMBER IDENTIFIER
control field SK-KTurca
005 - DATE AND TIME OF LATEST TRANSACTION
control field 20260421153622.0
008 - FIXED-LENGTH DATA ELEMENTS--GENERAL INFORMATION
fixed length control field 950616s1990 xo a j 000 1 slo c
020 ## - INTERNATIONAL STANDARD BOOK NUMBER
International Standard Book Number 8006000735
Terms of availability 50.00
035 ## - SYSTEM CONTROL NUMBER
System control number UKB000059091
040 ## - CATALOGING SOURCE
Original cataloging agency BAA001
Language of cataloging slo
Transcribing agency BAA001
Description conventions AACR2
041 1# - LANGUAGE CODE
Language code of text/sound track or separate title slo
Language code of original rus
044 ## - COUNTRY OF PUBLISHING/PRODUCING ENTITY CODE
MARC country code xo
ISO country code SK
080 ## - UNIVERSAL DECIMAL CLASSIFICATION NUMBER
Universal Decimal Classification number 398.2(478.9)
080 ## - UNIVERSAL DECIMAL CLASSIFICATION NUMBER
Universal Decimal Classification number 859.2-93 BOTEZATU,G.
100 1# - MAIN ENTRY--PERSONAL NAME
Personal name Botezatu, Grigore
245 10 - TITLE STATEMENT
Title Krásna Ileana
Remainder of title moldavské ľudové rozprávky
Statement of responsibility, etc. zap. a lit. sprac. Grigore Botezatu ; z rus. prameňa vybr. a voľne prel. Michal Príbus ; dosl. a vysvetl. nap. Elena Slobodová ; ilustr. Ján Lengyel
260 ## - PUBLICATION, DISTRIBUTION, ETC.
Place of publication, distribution, etc. Bratislava
Name of publisher, distributor, etc. Mladé letá
Date of publication, distribution, etc. 1990
300 ## - PHYSICAL DESCRIPTION
Extent 235 s.
Other physical details il.
490 1# - SERIES STATEMENT
Series statement Z rozprávky do rozprávky
500 ## - GENERAL NOTE
General note Pre čitateľov od 9 rokov
500 ## - GENERAL NOTE
General note Frontsp.
653 ## - INDEX TERM--UNCONTROLLED
Uncontrolled term 398.2(478.9)
653 ## - INDEX TERM--UNCONTROLLED
Uncontrolled term 859.2-93 BOTEZATU,G.
700 1# - ADDED ENTRY--PERSONAL NAME
Personal name Príbus, Michal,
Dates associated with a name 1912-1995
Relationship com
-- trl
700 1# - ADDED ENTRY--PERSONAL NAME
Personal name Slobodová, Elena
Relationship aft
-- cwt
700 1# - ADDED ENTRY--PERSONAL NAME
Personal name Lengyel, Ján,
Dates associated with a name 1947-
Relationship ill
830 #0 - SERIES ADDED ENTRY--UNIFORM TITLE
Uniform title Z rozprávky do rozprávky
942 ## - ADDED ENTRY ELEMENTS (KOHA)
Source of classification or shelving scheme Dewey Decimal Classification
Koha item type Krásna literatúra pre deti
Suppress in OPAC No
Holdings
Stav vyradenia Strata Poškodenie Spôsob nadobudnutia Domovská knižnica Aktuálna knižnica Dátum nadobudnutia Total checkouts Čiarový kód exemplára Date last seen Typ exemplára
      Dar Obecná knižnica Horná Štubňa Obecná knižnica Horná Štubňa 21.04.2026   4736202256 21.04.2026 Krásna literatúra pre deti
Projekt je podporený Slovenskou asociáciou knižníc
Prevádzkuje Turčianska knižnica Martin 2026